Logo BPK

Biblioteka

Politechniki Koszalińskiej

Fundamental financial accounting concepts / (Rekord nr 34684)

Szczegóły MARC
000 -ETYKIETA REKORDU
podpole kontrolne o stałej długości 00557nam a2200205 i 4500
001 - NUMER KONTROLNY REKORDU
pole kontrolne bg
020 ## - MIĘDZYNARODOWY ZNORMALIZOWANY NUMER KSIĄŻKI - ISBN
ISBN 0070217785
040 ## - ŹRÓDŁO KATALOGOWANIA
Instytucja, która utworzyła rekord BPK
041 0# - KOD JĘZYKA
Kod języka tekstu pl
080 ## - UNIWERSALNA KLASYFIKACJA DZIESIĘTNA - UKD
UKD 657
920 ## - Międzynarodowy znormalizowany numer książki – ISBN
ISBN 0-07-021778-5
008 - POLE O STAŁEJ DŁUGOŚCI - DANE KONTROLNE
podpole kontrolne o stałej długości s pl f |000 0 pol
245 00 - TYTUŁ/ODPOWIEDZIALNOŚĆ
Tytuł Fundamental financial accounting concepts /
Pozostałe elementy strefy tytułu i oznaczenia odpowiedzialności Thomas P. Edmonds [et al.].
250 ## - STREFA WYDANIA
Oznaczenie wydania 2nd ed.
260 ## - STREFA ADRESU WYDAWNICZEGO
Miejsce wydania Boston [etc.] :
Nazwa wydawcy/dystrybutora Irwin :
-- McGraw-Hill,
Data publikacji, dystrybucji/powstania dokumentu cop.1998.
300 ## - STREFA OPISU FIZYCZNEGO
Objętość XXII, 665 s. :
Inne cechy fizyczne fot., wykr. ;
Rozmiary 26 cm.
650 #9 - HASŁO PRZEDMIOTOWE W FORMIE NAZWY OGÓLNEJ LUB JEDNOSTKOWEJ
Nazwa ogólna lub geograficzna Rachunkowość
700 1# - HASŁO DODATKOWE - NAZWA OSOBOWA
Nazwa osobowa EDMONDS, Thomas P.
856 ## - LOKALIZACJA I DOSTĘP DO ELEKTRONICZNYCH DOKUMENTÓW ZDALNYCH
Link (URL) http://koha.tu.koszalin.pl/cgi-bin/koha/opac-detail.pl?biblionumber=34684
Tekst linku Katalog online BPK
942 ## - DODATKOWE ELEMENTY (KOHA)
Typ dokumentu Książka
Egzemplarze
Wycofany Status egzemplarza Uszkodzony Dostępność Lokalizacja stała Lokalizacja bieżąca Miejsce przechowywania Sygnatura Kod kreskowy Typ dokumentu
      Tylko na miejscu Biblioteka Politechniki Koszalińskiej Biblioteka Politechniki Koszalińskiej Czytelnia Wydziałowa ul. Kwiatkowskiego 6e 48233 01400595 Książka
© 2023 Biblioteka Politechniki Koszalińskiej :: KOHA